[Event "Voronezh op-B 22nd"]
[Site "Voronezh"]
[Date "2018.06.18"]
[Round "7"]
[White "Moshkin, Mikhail"]
[Black "Katkov, Vitaly"]
[Result "1/2-1/2"]
[WhiteElo "1766"]
[BlackElo "2018"]
[PlyCount "103"]
[EventDate "2018.06.12"]
[EventType "swiss"]
[EventRounds "9"]
[EventCountry "RUS"]
[SourceTitle "CBM 185 Extra"]
[Source "ChessBase"]
[SourceDate "2018.07.29"]
[SourceVersion "1"]
[SourceVersionDate "2018.07.29"]
[SourceQuality "1"]

1. e4 e5 2. Nf3 Nc6 3. Nc3 Bc5 4. Nxe5 Bxf2+ 5. Kxf2 Nxe5 6. d4 Ng6 7. Be3 N8e7 8. Bd3 d5 9. exd5 Nxd5 10. Nxd5 Qxd5 11. Qf3 Qd6 12. Rhe1 0-0 13. Kg1 Be6 14. c4 c6 15. Rad1 f5 16. b3 f4 17. Bf2 Qd7 18. h3 Rae8 19. Bxg6 hxg6 20. Re5 a6 21. Rde1 b5 22. d5 cxd5 23. cxd5 Bf7 24. Rxe8 Bxe8 25. Bc5 Rf5 26. b4 Bf7 27. d6 Bd5 28. Qe2 Kh7 29. Qe7 Rf7 30. Qxd7 Rxd7 31. Re7 Bc6 32. Kf2 g5 33. Re5 Kg6 34. a3 Rd8 35. Re7 Rd7 36. Re5 Rf7 37. Re7 Rxe7 38. dxe7 Kf5 39. Ke2 g4 40. hxg4+ Kxg4 41. Kf2 Kf5 42. Kf1 Ke4 43. Ke2 g5 44. Kd2 Be8 45. Ke2 Bh5+ 46. Kf2 Kd3 47. g3 Kc4 48. Bd6 fxg3+ 49. Kxg3 Kb3 50. e8Q Bxe8 51. Kg4 Bd7+ 52. Kxg5 1/2-1/2

[Event "Voronezh op-B 19th"]
[Site "Voronezh"]
[Date "2015.06.14"]
[Round "3"]
[White "Simakov, Vladislav"]
[Black "Katkov, Vitaly"]
[Result "1/2-1/2"]
[WhiteElo "2197"]
[BlackElo "2021"]
[PlyCount "81"]
[EventDate "2015.06.12"]
[EventType "swiss"]
[EventRounds "9"]
[EventCountry "RUS"]
[SourceTitle "CBM 167 Extra"]
[Source "ChessBase"]
[SourceDate "2015.09.14"]
[SourceVersion "1"]
[SourceVersionDate "2015.09.14"]
[SourceQuality "1"]

1. d4 Nf6 2. c4 g6 3. Nc3 d5 4. cxd5 Nxd5 5. Bd2 Bg7 6. e4 Nxc3 7. Bxc3 0-0 8. Nf3 Bg4 9. Qd2 Bxf3 10. gxf3 Nc6 11. d5 Bxc3 12. Qxc3 Nb8 13. h4 c6 14. h5 cxd5 15. Rd1 Qc8 16. Qd2 Qe6 17. hxg6 fxg6 18. Qh6 Qf7 19. Bh3 Qg7 20. Be6+ Kh8 21. Qxg7+ Kxg7 22. Bxd5 Nc6 23. Bxc6 bxc6 24. Rd7 Rf7 25. e5 h5 26. Rg1 Rb8 27. b3 Rb5 28. f4 Rc5 29. Rg3 a5 30. Rd4 Kh6 31. Kf1 Rc2 32. Ra4 e6 33. Rf3 Rc5 34. Rd3 g5 35. Rd6 Rxf4 36. Rxe6+ Kg7 37. Rxf4 gxf4 38. Rf6 Rxe5 39. Rxf4 Rc5 40. Kg2 Kg6 41. Ra4 1/2-1/2

[Event "Voronezh School op"]
[Site "Voronezh"]
[Date "2015.05.28"]
[Round "9"]
[White "Kostin, Alexey"]
[Black "Katkov, Vitaly"]
[Result "1-0"]
[WhiteElo "2272"]
[BlackElo "2021"]
[PlyCount "59"]
[EventDate "2015.05.19"]
[EventType "swiss"]
[EventRounds "9"]
[EventCountry "RUS"]
[SourceTitle "EXT 2016"]
[Source "ChessBase"]
[SourceDate "2015.10.08"]
[SourceVersion "1"]
[SourceVersionDate "2015.10.08"]
[SourceQuality "1"]

1. e4 c5 2. Nf3 d6 3. d4 Nf6 4. Nc3 cxd4 5. Nxd4 Nc6 6. Bc4 Bd7 7. Bb3 Qa5 8. 0-0 g6 9. Nd5 Bg7 10. Bd2 Qd8 11. Bc3 Nxd5 12. exd5 Nxd4 13. Bxd4 Bxd4 14. Qxd4 0-0 15. Rfe1 f6 16. Re3 Rf7 17. Rae1 Kf8 18. h4 Qb6 19. Qf4 Re8 20. Qh6+ Kg8 21. c3 a5 22. Rg3 Rg7 23. Bc2 Qxb2 24. Bxg6 hxg6 25. Rxg6 Rxg6 26. Qxg6+ Kf8 27. Re3 Bf5 28. Qxf5 Qxa2 29. Rg3 Rd8 30. Qh5 1-0

[Event "Voronezh Zagorovsky Memorial"]
[Site "Voronezh"]
[Date "2014.07.08"]
[Round "7"]
[White "Katkov, Vitaly"]
[Black "Popov, Evgeny"]
[Result "1-0"]
[WhiteElo "2064"]
[BlackElo "1787"]
[PlyCount "54"]
[EventDate "2014.07.01"]
[EventType "swiss"]
[EventRounds "9"]
[EventCountry "RUS"]
[SourceTitle "CBM 161 Extra"]
[Source "ChessBase"]
[SourceDate "2014.08.29"]
[SourceVersion "1"]
[SourceVersionDate "2014.08.29"]
[SourceQuality "1"]

1. d4 d5 2. c4 c6 3. Nc3 e6 4. Bf4 Bd6 5. Bxd6 Qxd6 6. e3 Nf6 7. c5 Qc7 8. f4 Nbd7 9. Nf3 b6 10. b4 bxc5 11. bxc5 Qa5 12. Qd2 Rb8 13. Bd3 Ba6 14. 0-0 Bxd3 15. Qxd3 Qa3 16. Qc2 Rb2 17. Qc1 Qb4 18. Nd1 Re2 19. Rb1 Qa5 20. Nc3 Rxa2 21. Ne5 Qa6 22. Nxa2 Qxa2 23. Ra1 Qe2 24. Rf2 Qh5 25. Rxa7 Ke7 26. Nxc6+ Kf8 27. Ra8+ Ne8 1-0

[Event "Voronezh Zagorovsky Memorial"]
[Site "Voronezh"]
[Date "2014.07.03"]
[Round "3"]
[White "Katkov, Vitaly"]
[Black "Leun, Victor"]
[Result "1-0"]
[WhiteElo "2064"]
[BlackElo "1821"]
[PlyCount "97"]
[EventDate "2014.07.01"]
[EventType "swiss"]
[EventRounds "9"]
[EventCountry "RUS"]
[SourceTitle "CBM 161 Extra"]
[Source "ChessBase"]
[SourceDate "2014.08.29"]
[SourceVersion "1"]
[SourceVersionDate "2014.08.29"]
[SourceQuality "1"]

1. c4 c5 2. Nc3 Nf6 3. g3 d5 4. cxd5 Nxd5 5. Bg2 Nc7 6. f4 Nc6 7. Nf3 g6 8. 0-0 Bg7 9. d3 0-0 10. Be3 Nd4 11. Qd2 Rb8 12. Rac1 b6 13. Bf2 Nxf3+ 14. Bxf3 e5 15. fxe5 Bxe5 16. Rfd1 Ne6 17. Nb5 Bb7 18. d4 Bxf3 19. dxe5 Qxd2 20. Rxd2 Bg4 21. Be3 Ng7 22. b4 cxb4 23. Nxa7 Nf5 24. Bf2 Rfe8 25. Nc6 Rbc8 26. e4 Ng7 27. Rdc2 Kh8 28. Bxb6 Bd7 29. Nxb4 Rxc2 30. Rxc2 Rxe5 31. Rd2 Bb5 32. Rd5 Rxd5 33. exd5 Kg8 34. Bc5 f5 35. Kf2 Kf7 36. Ke3 Ke8 37. Bd4 Kf7 38. Bxg7 Kxg7 39. Kd4 Kf6 40. Kc5 Be8 41. Nc6 g5 42. a4 f4 43. gxf4 gxf4 44. Kd4 Bd7 45. a5 Bc8 46. Ke4 Kg5 47. Nd4 Kg4 48. d6 Bb7+ 49. Ke5 1-0

[Event "Voronezh Zagorovsky Memorial"]
[Site "Voronezh"]
[Date "2014.07.02"]
[Round "2"]
[White "Mukhametshin, Mikhail"]
[Black "Katkov, Vitaly"]
[Result "1/2-1/2"]
[WhiteElo "1886"]
[BlackElo "2064"]
[PlyCount "125"]
[EventDate "2014.07.01"]
[EventType "swiss"]
[EventRounds "9"]
[EventCountry "RUS"]
[SourceTitle "CBM 161 Extra"]
[Source "ChessBase"]
[SourceDate "2014.08.29"]
[SourceVersion "1"]
[SourceVersionDate "2014.08.29"]
[SourceQuality "1"]

1. d4 Nf6 2. c4 g6 3. Nc3 d5 4. e3 Bg7 5. Nf3 0-0 6. Be2 c5 7. dxc5 Qa5 8. 0-0 dxc4 9. Bxc4 Qxc5 10. Qb3 Nc6 11. Be2 Be6 12. Qb5 Qxb5 13. Bxb5 Nd5 14. Bd2 Nxc3 15. bxc3 Na5 16. Rfc1 Nc4 17. Be1 a6 18. Ba4 Rac8 19. Bb3 Rfd8 20. h3 Bd5 21. Rab1 Be4 22. Ra1 Nb2 23. Bc2 Bxf3 24. gxf3 Nd3 25. Rd1 Bxc3 26. Bxc3 Rxc3 27. Bxd3 Rcxd3 28. Rxd3 Rxd3 29. Rb1 b5 30. a4 bxa4 31. Rb6 a5 32. Ra6 Rb3 33. Rxa5 a3 34. f4 Kg7 35. Ra6 e6 36. Kg2 h5 37. Kg3 Kf6 38. Ra5 Ke7 39. Ra7+ Kf6 40. Ra5 Rc3 41. Kf3 Ke7 42. Ra6 f6 43. Ke4 Rc2 44. Rxa3 Rxf2 45. Ra7+ Kf8 46. Ra6 Kf7 47. Ra7+ Kg8 48. Ra8+ Kg7 49. Ra7+ Kh6 50. Rf7 f5+ 51. Ke5 Re2 52. Kf6 Rxe3 53. Rf8 Kh7 54. Rf7+ Kg8 55. Rg7+ Kf8 56. Rxg6 Ke8 57. h4 Kd7 58. Rh6 Rf3 59. Ke5 Re3+ 60. Kf6 Rf3 61. Ke5 Re3+ 62. Kf6 Rf3 63. Ke5 1/2-1/2

[Event "Voronezh Zagorovsky Memorial"]
[Site "Voronezh"]
[Date "2014.07.01"]
[Round "1"]
[White "Katkov, Vitaly"]
[Black "Malin, Alexey"]
[Result "0-1"]
[WhiteElo "2064"]
[BlackElo "1865"]
[PlyCount "48"]
[EventDate "2014.07.01"]
[EventType "swiss"]
[EventRounds "9"]
[EventCountry "RUS"]
[SourceTitle "CBM 161 Extra"]
[Source "ChessBase"]
[SourceDate "2014.08.29"]
[SourceVersion "1"]
[SourceVersionDate "2014.08.29"]
[SourceQuality "1"]

1. d4 d5 2. Nf3 Nc6 3. Bg5 Bg4 4. e3 f6 5. Bh4 Qd7 6. h3 Bxf3 7. Qxf3 e5 8. dxe5 Nxe5 9. Qh5+ g6 10. Qd1 0-0-0 11. Nc3 Bb4 12. a3 Bxc3+ 13. bxc3 Qc6 14. Qd4 Ne7 15. Bd3 Nxd3+ 16. cxd3 Nf5 17. Qxf6 Nxh4 18. Qxh4 Qxc3+ 19. Ke2 Qb2+ 20. Kf3 Rhf8+ 21. Kg4 h5+ 22. Qxh5 gxh5+ 23. Kh4 Qxf2+ 24. g3 Qf6+ 0-1

[Event "Voronezh op-B 18th"]
[Site "Voronezh"]
[Date "2014.06.20"]
[Round "9"]
[White "Katkov, Vitaly"]
[Black "Kovalenko, Sergey"]
[Result "1/2-1/2"]
[WhiteElo "2060"]
[BlackElo "2137"]
[PlyCount "82"]
[EventDate "2014.06.12"]
[EventType "swiss"]
[EventRounds "9"]
[EventCountry "RUS"]
[SourceTitle "EXT 2015"]
[Source "ChessBase"]
[SourceDate "2014.11.20"]
[SourceVersion "1"]
[SourceVersionDate "2014.11.20"]
[SourceQuality "1"]

1. d4 Nf6 2. c4 g6 3. Nc3 Bg7 4. e4 d6 5. Nf3 0-0 6. Be2 e5 7. Be3 exd4 8. Nxd4 Re8 9. f3 c6 10. Bf2 d5 11. exd5 cxd5 12. 0-0 Nc6 13. c5 Re5 14. Re1 Qf8 15. Qb3 Qxc5 16. Nxc6 Qxc6 17. Nb5 a6 18. Rac1 axb5 19. Rxc6 bxc6 20. Qc2 Bd7 21. Ra1 Rc8 22. Bf1 Ree8 23. Rd1 Bf5 24. Bd3 Be6 25. Bd4 c5 26. Bxc5 Nd7 27. b4 Nxc5 28. bxc5 Bd4+ 29. Kf1 Rxc5 30. Qd2 Bc3 31. Qf4 d4 32. Qd6 Rec8 33. a3 Bb3 34. Rb1 Bc4 35. Rd1 Bb3 36. Rb1 Bc4 37. Rd1 R8c6 38. Qd7 Kg7 39. Kf2 Rc7 40. Qd6 R7c6 41. Qe7 Rc7 1/2-1/2

[Event "Voronezh op-B 18th"]
[Site "Voronezh"]
[Date "2014.06.13"]
[Round "2"]
[White "Katkov, Vitaly"]
[Black "Leun, Victor"]
[Result "1-0"]
[WhiteElo "2060"]
[BlackElo "1843"]
[PlyCount "57"]
[EventDate "2014.06.12"]
[EventType "swiss"]
[EventRounds "9"]
[EventCountry "RUS"]
[SourceTitle "EXT 2015"]
[Source "ChessBase"]
[SourceDate "2014.11.20"]
[SourceVersion "1"]
[SourceVersionDate "2014.11.20"]
[SourceQuality "1"]

1. e4 c5 2. Nf3 Nc6 3. Bb5 g6 4. 0-0 Bg7 5. c3 e5 6. d3 Qc7 7. Be3 b6 8. d4 cxd4 9. cxd4 exd4 10. Nxd4 Nge7 11. Nc3 0-0 12. Rc1 Qb8 13. Nd5 Nxd5 14. exd5 Nxd4 15. Bxd4 Bxd4 16. Qxd4 Qd6 17. Rfd1 a6 18. Be2 Bb7 19. Bf3 Rac8 20. Rc3 Rxc3 21. Qxc3 Rc8 22. Qe3 Qf6 23. Qb3 Qd6 24. g3 Rc5 25. Kg2 b5 26. Qb4 a5 27. Qxa5 Bxd5 28. Bxd5 Rxd5 29. Qa8+ 1-0

[Event "Voronezh Rating op 06"]
[Site "Voronezh"]
[Date "2014.06.05"]
[Round "6"]
[White "Kostin, Alexey"]
[Black "Katkov, Vitaly"]
[Result "1/2-1/2"]
[WhiteElo "2303"]
[BlackElo "2060"]
[PlyCount "85"]
[EventDate "2014.05.30"]
[EventType "swiss"]
[EventRounds "7"]
[EventCountry "RUS"]
[SourceTitle "EXT 2015"]
[Source "ChessBase"]
[SourceDate "2014.11.20"]
[SourceVersion "1"]
[SourceVersionDate "2014.11.20"]
[SourceQuality "1"]

1. e4 c5 2. Nf3 d6 3. d4 Nf6 4. Nc3 cxd4 5. Nxd4 a6 6. Bc4 Nc6 7. Nxc6 bxc6 8. e5 d5 9. exf6 dxc4 10. Qxd8+ Kxd8 11. fxe7+ Bxe7 12. Bf4 Be6 13. 0-0-0+ Kc8 14. Na4 Ra7 15. Nb6+ Kb7 16. Be3 c5 17. Nd5 Kc6 18. Nf4 Bf5 19. Rhe1 Rd8 20. Rxd8 Bxd8 21. Bxc5 Kxc5 22. Re5+ Kd4 23. Rxf5 Ke4 24. g4 g6 25. f3+ Kxf3 26. Nxg6+ Kxg4 27. Rxf7 Rxf7 28. Ne5+ Kf5 29. Nxf7 Bc7 30. h4 Kg6 31. Ng5 Bf4+ 32. Kd1 Bxg5 33. hxg5 Kxg5 34. b4 cxb3 35. axb3 Kf4 36. Ke2 Ke4 37. c3 a5 38. Kd2 h5 39. Ke2 h4 40. Kf2 Kd3 41. c4 a4 42. bxa4 Kxc4 43. Kg2 1/2-1/2

[Event "Voronezh Rating op 06"]
[Site "Voronezh"]
[Date "2014.06.04"]
[Round "5"]
[White "Katkov, Vitaly"]
[Black "Polyansky, Viktor"]
[Result "1-0"]
[WhiteElo "2060"]
[BlackElo "1985"]
[PlyCount "71"]
[EventDate "2014.05.30"]
[EventType "swiss"]
[EventRounds "7"]
[EventCountry "RUS"]
[SourceTitle "EXT 2015"]
[Source "ChessBase"]
[SourceDate "2014.11.20"]
[SourceVersion "1"]
[SourceVersionDate "2014.11.20"]
[SourceQuality "1"]

1. Nf3 d6 2. b4 e5 3. Bb2 f5 4. g3 Nf6 5. Bg2 Be7 6. 0-0 0-0 7. c4 e4 8. Nd4 c5 9. bxc5 dxc5 10. Nc2 Nc6 11. Nc3 Ne5 12. Ne3 Bd6 13. Qc2 Qe8 14. Ncd5 Nxd5 15. Nxd5 Be6 16. Nf4 Bf7 17. d3 e3 18. Bxb7 Rb8 19. Bd5 Bxd5 20. Nxd5 exf2+ 21. Rxf2 Ng4 22. Rg2 Rxb2 23. Qxb2 Be5 24. Qc1 Bd4+ 25. Kh1 Bxa1 26. Qxa1 Qe5 27. Qxe5 Nxe5 28. Rg1 Nc6 29. Rb1 Re8 30. e3 Nb4 31. Nxb4 cxb4 32. Rxb4 Rxe3 33. d4 Kf7 34. Rb7+ Kf6 35. c5 Rd3 36. Rd7 1-0

[Event "Voronezh Rating op 03-A"]
[Site "Voronezh"]
[Date "2014.03.04"]
[Round "4"]
[White "Malin, Alexey"]
[Black "Katkov, Vitaly"]
[Result "0-1"]
[WhiteElo "1836"]
[BlackElo "2071"]
[PlyCount "38"]
[EventDate "2014.03.01"]
[EventType "swiss"]
[EventRounds "9"]
[EventCountry "RUS"]
[SourceTitle "EXT 2015"]
[Source "ChessBase"]
[SourceDate "2014.11.20"]
[SourceVersion "1"]
[SourceVersionDate "2014.11.20"]
[SourceQuality "1"]

1. e4 e5 2. Nf3 Nf6 3. Bc4 Nxe4 4. Nc3 Nd6 5. Bb3 Nc6 6. Qe2 Be7 7. Nxe5 Nd4 8. Qe3 Nxb3 9. axb3 Nf5 10. Qf3 d6 11. Nxf7 Kxf7 12. g4 Bf6 13. gxf5 Re8+ 14. Kd1 Re5 15. Qh5+ Kg8 16. Re1 Bd7 17. Rxe5 Bxe5 18. d3 Bxc3 19. Bg5 Bf6 0-1